<?xml version="1.0" encoding="UTF-8"?>
<collection xmlns="http://www.loc.gov/MARC21/slim">
 <record>
  <leader>     na                 </leader>
  <controlfield tag="001">INLIS000000000000789</controlfield>
  <controlfield tag="005">20221024044644</controlfield>
  <datafield tag="035" ind1=" " ind2=" ">
   <subfield code="a">0010-0520000789</subfield>
  </datafield>
  <controlfield tag="008">221024                |          | ind  </controlfield>
  <datafield tag="020" ind1=" " ind2=" ">
   <subfield code="a">979-672-493-6</subfield>
  </datafield>
  <datafield tag="041" ind1=" " ind2=" ">
   <subfield code="a">ind</subfield>
  </datafield>
  <datafield tag="082" ind1=" " ind2=" ">
   <subfield code="a">321.8</subfield>
  </datafield>
  <datafield tag="084" ind1=" " ind2=" ">
   <subfield code="a">321.8 SIN s</subfield>
  </datafield>
  <datafield tag="100" ind1="0" ind2=" ">
   <subfield code="a">Sindhunata</subfield>
  </datafield>
  <datafield tag="245" ind1="1" ind2=" ">
   <subfield code="a">Sakitnya Melahirkan Demokrasi /</subfield>
   <subfield code="c">Sindhunata</subfield>
  </datafield>
  <datafield tag="250" ind1=" " ind2=" ">
   <subfield code="a">Cet. 5</subfield>
  </datafield>
  <datafield tag="260" ind1=" " ind2=" ">
   <subfield code="a">Yogyakarta :</subfield>
   <subfield code="b">Kanisius,</subfield>
   <subfield code="c">2000</subfield>
  </datafield>
  <datafield tag="300" ind1=" " ind2=" ">
   <subfield code="a">406 p. ;</subfield>
   <subfield code="c">20 cm</subfield>
  </datafield>
  <datafield tag="520" ind1=" " ind2=" ">
   <subfield code="a">Menuju demokrasi adalah trend sejarah pada millenium ketiga. Bangsa-bangsa Asia, termasuk kita bangsa Indonesia pun, mau tak mau harus menuju ke sana. Kalau tidak, kita akan menjadi bangsa yang primitive?. Terkucil dari pergaulan bangsa-bangsa. Tapi dalam membangun demokrasi bukanlah hal mudah. Sebab lebih dari sekadar forma atau suatu Negara, demokrasi adalah sikap hidup perseorangan dalam masyarakat. Maka membangun demokrasi pertama-tama berarti bagaimana membangun sistem demokrasi, melainkan bagaimana membentuk sikap hidup demokratis. Yang terakhir ini memerlukan waktu yang cukup lama dan kesabaran yang luar biasa. Sejak pecahnya reformasi, demokrasi sedang datan bagaikan menyingsing Indonesia. Sebagaiman diderita oleh wanita yang mau melahirkan anaknya, proses kelahiran demokrasi di Indonesia dibarengi kesakitan, ketegangan, dan kecemasan. Maklum demokrasi adalah ?anak yang mahal?. Pantas, jika ia dikandung dan dilahirkan dengan penuh kesakitan. Buku ?Sakitnya Melahirkan Demokrasi? ini menuturkan dan menganalisis proses kelahiran ?anak mahal? tersebut.</subfield>
  </datafield>
  <datafield tag="650" ind1=" " ind2="4">
   <subfield code="a">1. Demokrasi</subfield>
  </datafield>
  <datafield tag="990" ind1=" " ind2=" ">
   <subfield code="a">03071/MKRI-P/III-2006</subfield>
  </datafield>
  <datafield tag="990" ind1=" " ind2=" ">
   <subfield code="a">00674/MKRI-P/I-2005</subfield>
  </datafield>
  <datafield tag="990" ind1=" " ind2=" ">
   <subfield code="a">03072/MKRI-P/III-2006</subfield>
  </datafield>
  <datafield tag="990" ind1=" " ind2=" ">
   <subfield code="a">03072/MKRI-P/III-2006</subfield>
  </datafield>
  <datafield tag="990" ind1=" " ind2=" ">
   <subfield code="a">03071/MKRI-P/III-2006</subfield>
  </datafield>
  <datafield tag="990" ind1=" " ind2=" ">
   <subfield code="a">00674/MKRI-P/I-2005</subfield>
  </datafield>
  <datafield tag="990" ind1=" " ind2=" ">
   <subfield code="a">03071/MKRI-P/III-2006</subfield>
  </datafield>
  <datafield tag="990" ind1=" " ind2=" ">
   <subfield code="a">00674/MKRI-P/I-2005</subfield>
  </datafield>
  <datafield tag="990" ind1=" " ind2=" ">
   <subfield code="a">03072/MKRI-P/III-2006</subfield>
  </datafield>
  <datafield tag="990" ind1=" " ind2=" ">
   <subfield code="a">00674/MKRI-P/I-2005</subfield>
  </datafield>
  <datafield tag="990" ind1=" " ind2=" ">
   <subfield code="a">03071/MKRI-P/III-2006</subfield>
  </datafield>
  <datafield tag="990" ind1=" " ind2=" ">
   <subfield code="a">03072/MKRI-P/III-2006</subfield>
  </datafield>
 </record>
</collection>
